000 02413nam0a2200445 4500
001 RU\NLR\bibl\1677817
005 20260405185404.0
010 _a978-5-227-02271-4
_93000
021 _aRU
_b2010-64761
_94251
035 _a(nilc)RSL-KNO-004724497
035 _a(NLR Aleph) 001669045
090 _a1029622
_c1029622
100 _a20100823d2010 |||y0rusy50 ca
101 1 _arus
_ceng
102 _aRU
105 _ay zzzz|||||
200 1 _aРожденный с мечом в руке
_dThe black prince's expedition
_eвоенные походы Эдуарда Плантагенета, 1355-1357
_fГерберт Хьюит
_g[пер. с англ. И. А. Петровской]
_zeng
210 _aМосква
_cЦентрполиграф
_d2010
215 _a253, [2] с.
_cил.
_d21
225 1 _aХроники военных сражений
300 _aАвт. также на англ. яз.: Hewitt, H. J.
313 _aСражение при Пуатье, 1356
455 0 _12000#$aThe black prince's expedition
_1700#0$aHewitt, H. J.
_tThe black prince's expedition
_aHewitt, H. J.
510 0 _6z44790
_aThe black prince's expeditionHewitt, H. J.
_zeng
600 0 _aЭдуард
_cпринц уэльский
_f1330 - 1376
_92329826
_3RU\NLR\auth\661393301
606 1 _aСражение при Пуатье
_z1356
_92615147
_3RU\NLR\auth\661551706
610 0 _aИстория. Исторические науки -- История зарубежных стран -- Великобритания -- Период феодализма (5-сер. 17 в.) -- Период развитого феодализма (11-15 вв.) -- Персоналии государственных и общественно-политических деятелей -- Эдуард III (1312-1377) - rороль Англии -- Отдельные виды деятельности
686 _aТ3(4Вл)42-8Эдуард III 20,02
_2rubbk
686 _aЦ35(0)421.5
686 _aТ3(4Вл)42-8
686 _aТ3(4Вл)42-68
700 1 _aХьюит
_bГ.
_gГерберт
_4070
702 0 _4570
_8rus
_7ca
_aЭдуард
_cкороль английский
_dIII
_f1312-1377
_3RU\NLR\AUTH\7781732
_964660
790 1 _6z44510
_aHewitt
_bH. J.
_4070
801 0 _aRU
_bРГБ
_c20100823
_grcr
801 1 _aRU
_bРГБ
_c20100823
801 2 _aRU
_bNLR
_c20100924
_grcr
942 _cBOOK
980 _aNB